01463nab a22002657a 4500999001500000003000400015005001700019008004100036040000700077100002800084245009800112260007300210300001500283500006900298505027200367505015200639505008900791650003500880650003200915650003100947650003500978650003301013773013801046942001301184 c5668d5668OSt20251226215835.0190603e xxum|||| |||| 00| 0 spa d cPJ 93788aLovece, Graciela 13aEl error de diagnóstico, la concausa y la responsabilidad profesional / cGraciela Lovece.  cCiudad Autónoma de Buenos Aires :aThomson Reuters La Ley, b2025. ap. 242-248 aCita: TR LALEY AR/DOC/51/2025 Publicado en: RCCyC 2025 (junio). aSumario: I. Introducción.— II. Los hechos del caso.— III. Las etapas diagnósticas y el error.— IV. La responsabilidad profesional e institucional.— V. Las dificultades probatorias.— VI. La duración del proceso y el criterio de razonabilidad judicial.  aFallo comentado: CNCiv., sala J ~ 02/09/2024 ~ C. de B., A. M. y otros c. A., L. G. y otros s/ daños y perjuicios - resp. prof. médicos y aux. t¿Te interesa el texto completo? Solicitalo al correo: koha@justierradelfuego.gov.ar 091497aCODIGO CIVIL Y COMERCIAL 091467aRESPONSABILIDAD CIVIL 092823aDAÑOS Y PERJUICIOS 093713aRESPONSABILIDAD MÉDICA 093481aDIAGNÓSTICO MÉDICO0 0271393170dCiudad Autónoma de Buenos Aires : Thomson Reuters La Ley, 2015-tRevista Código Civil y Comercial. Nº 3 - Junio 2025 2udccANA